[Event "AUTO-ADV-4901"]
[Site "http://www.queenalice.com/game.php?id=1864903"]
[Date "2025.10.29"]
[Round "1"]
[White "Daniel1962"]
[Black "mvson33"]
[Result "0-1"]
[WhiteElo "1862"]
[BlackElo "1845"]

1. e4 c5 2. Bc4 Nc6 3. Qf3 Nf6 4. Nc3 d6 5. Nd5 Nd4 6. Qd3 g6 7. Nxf6+ exf6 8.
Nf3 Nxf3+ 9. Qxf3 Bg7 10. d3 O-O 11. Bf4 Qe7 12. h4 f5 13. Bd5 fxe4 14. dxe4 Rb8
15. g4 Bd7 16. Bg5 Qe5 17. c3 Rbe8 18. Bxb7 Bc8 19. Bd5 Qxd5 20. O-O Qxe4 21.
Qxe4 Rxe4 22. f3 Re2 23. h5 gxh5 24. gxh5 Rxb2 25. Be7 Re8 26. Bxd6 Bxc3 27.
Rac1 Bd4+ 28. Kh1 Ree2 29. h6 Be3 30. Rc3 Bd4 31. Rd3 Bf5 32. Ra3 c4 33. Rd1
Rbd2 34. Rc1 f6 35. Bf4 Rc2 36. Rd1 Bb6 37. Bg3 Bc8 38. f4 Bb7+ 0-1

[Event "AUTO-ADV-4901"]
[Site "http://www.queenalice.com/game.php?id=1864904"]
[Date "2025.10.29"]
[Round "1"]
[White "mvson33"]
[Black "Daniel1962"]
[Result "1-0"]
[WhiteElo "1861"]
[BlackElo "1861"]

1. e4 e6 2. d4 Nf6 3. Nc3 Bb4 4. Bd3 Bxc3+ 5. bxc3 Nc6 6. Bb2 d5 7. exd5 Nxd5 8.
Nf3 h6 9. O-O Nf4 10. Be2 g5 11. h3 f5 12. c4 Nxe2+ 13. Qxe2 g4 14. d5 Ne7 15.
Bxh8 gxf3 16. Qxf3 Bd7 17. Qh5+ Kf8 18. Qxh6+ Ke8 19. Qg5 Ba4 20. dxe6 Qd6 21.
Rad1 Qxe6 22. Rfe1 Qf7 23. Bf6 Kf8 24. Bxe7+ Qxe7 25. Rxe7 Bxc2 26. Qg7# 1-0

[Event "AUTO-ADV-4901"]
[Site "http://www.queenalice.com/game.php?id=1864919"]
[Date "2025.10.29"]
[Round "1"]
[White "mvson33"]
[Black "rocha"]
[Result "0-1"]
[WhiteElo "1881"]
[BlackElo "1681"]

1. e4 e5 2. Nf3 f6 3. Bc4 Ne7 4. O-O d5 5. exd5 Nxd5 6. d3 Be6 7. Bb3 Qd6 8. Bd2
Nd7 9. Nc3 c6 10. Re1 O-O-O 11. Nxd5 Bxd5 12. Bxd5 Qxd5 13. Qe2 Re8 14. Qe4 Qc5
15. Rac1 Qb6 16. Rb1 Bc5 17. Rf1 Nf8 18. Qc4 Re7 19. a3 Nd7 20. b4 Bd4 21. Nxd4
exd4 22. Rfe1 Re5 23. Rxe5 fxe5 24. g3 Qc7 25. Qf7 g6 26. Re1 b5 27. Bh6 Kb7 28.
Bg7 Rc8 29. Re4 Kb6 30. Qe7 Rd8 31. Bxe5 Nxe5 32. Qxe5 Qxe5 33. Rxe5 Rd6 34. Re7
h6 35. Re4 a5 36. f4 axb4 37. axb4 c5 38. bxc5+ Kxc5 39. Kf2 Kb4 40. Ke2 Kc3 41.
Kd1 b4 42. Re2 Ra6 43. Ke1 Ra1+ 44. Kf2 Rc1 45. Kf3 Rxc2 46. Rxc2+ Kxc2 47. Ke4
Kc3 48. Ke5 b3 49. Kf6 b2 50. Kxg6 b1=Q 51. Kxh6 Qxd3 52. g4 Qa6+ 53. Kh5 d3 54.
g5 d2 55. g6 d1=Q+ 56. Kh6 Qg4 0-1

[Event "AUTO-ADV-4901"]
[Site "http://www.queenalice.com/game.php?id=1864920"]
[Date "2025.10.29"]
[Round "1"]
[White "rocha"]
[Black "mvson33"]
[Result "0-1"]
[WhiteElo "1723"]
[BlackElo "1870"]

1. e3 d5 2. Nh3 Bxh3 3. gxh3 e5 4. d4 exd4 5. Qxd4 Nf6 6. Bd3 c6 7. Nc3 Be7 8.
Bd2 O-O 9. O-O-O Nbd7 10. Bf5 Qc7 11. e4 dxe4 12. Nxe4 Rad8 13. Bf4 Qxf4+ 14.
Rd2 Qxf5 15. Rg1 Kh8 16. Ng5 h6 17. Qh4 Ne4 18. Qxe4 Qxe4 19. Nxe4 Nf6 20. Ng3
Rxd2 21. Kxd2 Rd8+ 22. Kc1 Nd5 23. Rd1 Bg5+ 24. Rd2 Bxd2+ 25. Kxd2 Nf4+ 26. Kc1
h5 27. h4 g5 28. hxg5 h4 29. Nf5 Ne2+ 0-1

[Event "AUTO-OPEN-4622"]
[Site "http://www.queenalice.com/game.php?id=1865016"]
[Date "2025.11.3"]
[Round "1"]
[White "Castling"]
[Black "mvson33"]
[Result "0-1"]
[WhiteElo "1757"]
[BlackElo "1824"]

1. e4 e5 2. Bc4 Nf6 3. d3 Be7 4. h3 O-O 5. Nc3 d6 6. Nf3 Nc6 7. a3 Bd7 8. Be3
Na5 9. Bd5 Nxd5 10. Nxd5 Nc6 11. Nxe7+ Qxe7 12. Qd2 Rad8 13. O-O-O h6 14. g4 Qf6
15. Qe2 Rfe8 16. g5 Qe6 17. Kb1 Kh7 18. Rhg1 Rg8 19. gxh6 gxh6 20. Rxg8 Rxg8 21.
Rg1 Rxg1+ 22. Nxg1 f5 23. Qh5 fxe4 24. dxe4 Qg6 25. Qxg6+ Kxg6 26. Ne2 Bxh3 27.
Ng3 Bg4 28. f4 exf4 29. Bxf4 h5 30. c3 Nd8 31. Kc2 Ne6 32. Be3 h4 33. Nf5 Bxf5
34. exf5+ Kxf5 35. Bg1 Kg4 36. Kd2 Kf3 37. Bxa7 h3 38. Bg1 Kg2 0-1

[Event "AUTO-OPEN-4622"]
[Site "http://www.queenalice.com/game.php?id=1865017"]
[Date "2025.11.3"]
[Round "1"]
[White "mvson33"]
[Black "Castling"]
[Result "1/2-1/2"]
[WhiteElo "1852"]
[BlackElo "1816"]

1. e4 e5 2. Nf3 d6 3. Bc4 h6 4. Nc3 a6 5. O-O Bg4 6. Nxe5 dxe5 7. Qxg4 Nf6 8.
Qe2 Nc6 9. d3 Nd4 10. Qd1 Bd6 11. Be3 Qd7 12. Nd5 Nxd5 13. Bxd5 O-O-O 14. c3 Ne6
15. d4 exd4 16. cxd4 c6 17. Bb3 Qc7 18. h3 Bh2+ 19. Kh1 Bf4 20. Bxe6+ fxe6 21.
Qe2 Bxe3 22. Qxe3 g5 23. d5 exd5 24. exd5 Rhe8 25. Qc3 Rxd5 26. Rad1 Rxd1 27.
Rxd1 b5 28. Rc1 Kb7 29. g3 Re2 30. Kg1 Re5 31. Re1 Rxe1+ 32. Qxe1 Qd7 1/2-1/2

[Event "AUTO-OPEN-4622"]
[Site "http://www.queenalice.com/game.php?id=1865046"]
[Date "2025.11.3"]
[Round "1"]
[White "mvson33"]
[Black "jpribeiro"]
[Result "1-0"]
[WhiteElo "1859"]
[BlackElo "1359"]

1. e4 c5 2. Nf3 d6 3. Bc4 h6 4. O-O e6 5. a3 a6 6. d3 d5 7. exd5 exd5 8. Ba2 Nf6
9. Nc3 Nc6 10. Re1+ Be7 11. Bf4 d4 12. Ne4 Nd5 13. Bd2 1-0

[Event "AUTO-OPEN-4622"]
[Site "http://www.queenalice.com/game.php?id=1865047"]
[Date "2025.11.3"]
[Round "1"]
[White "jpribeiro"]
[Black "mvson33"]
[Result "0-1"]
[WhiteElo "1357"]
[BlackElo "1861"]

1. e4 c5 2. Nf3 Nc6 3. c3 d6 4. d4 cxd4 5. cxd4 Nf6 6. d5 Ne5 7. Nxe5 dxe5 8.
Nc3 e6 9. dxe6 Qxd1+ 10. Kxd1 Bxe6 11. a3 Bc5 0-1

[Event "AUTO-OPEN-4622"]
[Site "http://www.queenalice.com/game.php?id=1865048"]
[Date "2025.11.3"]
[Round "1"]
[White "mvson33"]
[Black "chessman"]
[Result "1/2-1/2"]
[WhiteElo "1846"]
[BlackElo "1968"]

1. e4 e6 2. d4 d5 3. exd5 exd5 4. Nf3 c6 5. Be2 Nf6 6. O-O Be7 7. c3 O-O 8. Bg5
Ne4 9. Bxe7 Qxe7 10. Nbd2 Nxd2 11. Qxd2 Bf5 12. Rfe1 Qd6 13. Bd3 Bxd3 14. Qxd3
Nd7 15. Re2 Nf6 16. Rae1 Rfe8 17. Rxe8+ Rxe8 18. Rxe8+ Nxe8 19. Qe2 Nf6 20. Qe5
Qxe5 21. Nxe5 Kf8 22. Kf1 Ke7 23. Ke2 Nd7 24. Nxd7 Kxd7 25. Kf3 Ke6 26. Kf4 h6
27. h4 f5 28. f3 Kf6 29. g4 g5+ 30. hxg5+ hxg5+ 31. Ke3 f4+ 32. Kd3 Ke6 33. Ke2
1/2-1/2

[Event "AUTO-OPEN-4622"]
[Site "http://www.queenalice.com/game.php?id=1865049"]
[Date "2025.11.3"]
[Round "1"]
[White "chessman"]
[Black "mvson33"]
[Result "1-0"]
[WhiteElo "1956"]
[BlackElo "1858"]

1. e4 e5 2. Nf3 Nc6 3. Bb5 d6 4. d4 Bd7 5. dxe5 dxe5 6. Bxc6 Bxc6 7. Qxd8+ Rxd8
8. Nbd2 Bd6 9. Nc4 Bb4+ 10. c3 Bd6 11. Nxd6+ cxd6 12. O-O Bxe4 13. Be3 a6 14.
Rad1 Bxf3 15. gxf3 Nf6 16. Bg5 O-O 17. Bxf6 gxf6 18. Rd5 Kh8 19. Rfd1 Rd7 20.
Rxd6 Rxd6 21. Rxd6 Kg7 22. Kf1 Kg6 23. Rd7 Kf5 24. Rxb7 Kf4 25. Ke2 e4 26. fxe4
Kxe4 27. Rb6 Ke5 28. Rxa6 Rb8 29. b3 Rc8 30. c4 1-0

[Event "AUTO-ADV-4902"]
[Site "http://www.queenalice.com/game.php?id=1865106"]
[Date "2025.11.3"]
[Round "1"]
[White "maurice916"]
[Black "mvson33"]
[Result "1-0"]
[WhiteElo "1715"]
[BlackElo "1839"]

1. Nf3 d5 2. b3 Nf6 3. Bb2 e6 4. e3 Bc5 5. d4 Bb4+ 6. c3 Bd6 7. Nbd2 O-O 8. Bd3
Nc6 9. O-O b6 10. a3 Bb7 11. Rc1 Ne7 12. b4 Rc8 13. c4 dxc4 14. Nxc4 c5 15. Nxd6
Rb8 16. Nxb7 Rxb7 17. Ba6 Rc7 18. bxc5 bxc5 19. Qe2 cxd4 20. Bxd4 Ned5 21. Ne5
Nb6 22. Rfd1 Rxc1 23. Rxc1 Qb8 24. h3 Rd8 25. Bxb6 axb6 26. Nc6 Qc7 27. Bb5 Rf8
28. Qb2 Qd6 29. Nd4 Qb8 30. Nc6 Qb7 31. Qb4 Nd5 32. Qg4 Nf6 33. Qe2 Nd5 34. e4
Nf6 35. a4 h6 36. f3 Rd8 37. Nxd8 Qe7 38. Rd1 Qb4 39. Nc6 Qc5+ 40. Qf2 1-0

[Event "AUTO-ADV-4902"]
[Site "http://www.queenalice.com/game.php?id=1865107"]
[Date "2025.11.3"]
[Round "1"]
[White "mvson33"]
[Black "maurice916"]
[Result "1-0"]
[WhiteElo "1848"]
[BlackElo "1879"]

1. Nf3 c6 2. d4 d5 3. e3 Bg4 4. Be2 Nf6 5. O-O e6 6. Nc3 Be7 7. Bd2 O-O 8. Ne5
Bxe2 9. Qxe2 Nbd7 10. Nf3 c5 11. dxc5 Nxc5 12. Rad1 Rc8 13. Qb5 Qc7 14. Qe2 e5
15. Bc1 Rfd8 16. Bd2 d4 17. exd4 exd4 18. Nb5 Qd7 19. a3 Qg4 20. Bb4 Re8 21.
Nbxd4 b6 22. Rfe1 Bd6 23. Qd2 Bf4 24. Rxe8+ Rxe8 25. Qc3 Nce4 26. Qd3 Bh6 27.
Qa6 Qd7 28. Re1 Nd5 29. Kf1 Nxb4 30. axb4 Bf4 31. Qd3 Nd6 32. Rxe8+ Nxe8 33. Qe2
Nf6 34. Qd3 Bc1 35. b3 h6 36. Qa6 Bb2 37. Qd3 Bxd4 38. Qxd4 Qxd4 39. Nxd4 Nd7
40. Ke2 Kf8 41. Kd3 Ke7 42. Nc6+ Kd6 43. Nxa7 Kc7 44. Nb5+ Kc6 45. Nd4+ Kd6 46.
Nf5+ Ke6 47. Nxg7+ Kf6 48. Nh5+ Kg5 49. Ng3 f5 50. Kc4 h5 51. Kb5 h4 52. Ne2 Kf6
53. Kc6 Ke7 54. c4 Kd8 55. c5 bxc5 56. bxc5 Kc8 57. b4 Nb8+ 58. Kd6 Na6 59. b5
Nc7 60. b6 Nb5+ 61. Kd5 Kb7 62. Nd4 Nc3+ 63. Kc4 Ne4 64. Nxf5 Nxf2 65. Nxh4 Ne4
66. Nf3 Nf6 67. h4 Kc6 68. Ne5+ Kb7 69. g4 Ne8 70. g5 Ng7 71. Ng4 Ne6 72. g6 Ng7
73. Nf6 Kc6 74. h5 Ne6 75. h6 Nxc5 76. h7 Ne6 77. h8=Q 1-0

[Event "AUTO-MASTER-3288"]
[Site "http://www.queenalice.com/game.php?id=1865546"]
[Date "2025.11.13"]
[Round "1"]
[White "cerenzo72"]
[Black "mvson33"]
[Result "1-0"]
[WhiteElo "2125"]
[BlackElo "1863"]

1. c4 Nf6 2. Nf3 Nc6 3. d4 d5 4. cxd5 Nxd5 5. e4 Nf6 6. e5 Nd5 7. Bc4 e6 8. O-O
Be7 9. Nc3 Nxc3 10. bxc3 O-O 11. Qc2 Na5 12. Bd3 b6 13. Bxh7+ Kh8 14. Be4 Bb7
15. Bxb7 Nxb7 16. Qe4 Rb8 17. h4 c5 18. g3 cxd4 19. cxd4 Qc7 20. Kg2 Rfc8 21. h5
Qc6 22. Qf4 Qe8 23. h6 g6 24. Ba3 Kh7 25. Bxe7 Qxe7 26. Ng5+ Kxh6 27. Qh4+ 1-0

[Event "AUTO-MASTER-3288"]
[Site "http://www.queenalice.com/game.php?id=1865547"]
[Date "2025.11.13"]
[Round "1"]
[White "mvson33"]
[Black "cerenzo72"]
[Result "0-1"]
[WhiteElo "1857"]
[BlackElo "2136"]

1. e4 e5 2. Nf3 d6 3. Bc4 Be7 4. d3 Nf6 5. O-O Bg4 6. Nc3 O-O 7. Bg5 Nbd7 8. Qe2
c6 9. Qe3 a5 10. a3 b5 11. Ba2 Nh5 12. Bxe7 Qxe7 13. d4 exd4 14. Nxd4 Rac8 15.
Nf3 Qf6 16. h3 Be6 17. e5 dxe5 18. Rad1 Rcd8 19. Bxe6 Qxe6 20. Rd2 Nhf6 21. Ne4
Nxe4 22. Qxe4 Nc5 23. Qe3 Rxd2 24. Qxd2 a4 25. Re1 f6 26. Qc3 Qd5 27. Qe3 e4 28.
Nd2 f5 29. Rd1 f4 30. Qe2 f3 31. gxf3 exf3 32. Nxf3 Qxf3 33. Qxf3 Rxf3 34. Kg2
Rf6 35. Rd8+ Kf7 36. Rc8 Ne4 37. f3 Nd2 38. Rc7+ Kg6 39. Rd7 Nxf3 0-1

[Event "AUTO-OPEN-4624"]
[Site "http://www.queenalice.com/game.php?id=1865597"]
[Date "2025.11.15"]
[Round "1"]
[White "mvson33"]
[Black "SGF"]
[Result "1-0"]
[WhiteElo "1839"]
[BlackElo "1815"]

1. e4 e5 2. Nf3 Qf6 3. Bc4 c6 4. O-O Be7 5. a3 b5 6. Ba2 d6 7. Nc3 Qg6 8. Kh1 h5
9. d4 Bg4 10. dxe5 Bxf3 11. Qxf3 dxe5 12. Be3 h4 13. h3 a5 14. Rad1 Nd7 15. Rd2
b4 16. Nb1 Ngf6 17. Rfd1 O-O 18. c3 bxc3 19. Nxc3 a4 20. Rd3 Rfd8 21. Rg1 Rab8
22. Rgd1 Qh5 23. Qxh5 Nxh5 24. Nxa4 Nf4 25. Bxf4 exf4 26. Rxd7 Rxd7 27. Rxd7 Kf8
28. Rc7 Ra8 29. Nc3 Bc5 30. Rxf7+ Ke8 31. Rxf4 g5 32. Rf5 Bd4 33. f3 Be3 34. Rf6
Bd4 35. Rxc6 Bxc3 36. Rxc3 Kd7 37. Rc5 Kd6 38. Rxg5 Kc6 39. Rh5 Rb8 40. Bd5+ Kc5
41. b3 Kd6 42. Rxh4 Rc8 43. Rh6+ Ke5 44. Rc6 Rxc6 45. Bxc6 Kd4 46. b4 Kc4 47. b5
Kc5 48. h4 Kc4 49. b6 Kc5 50. b7 Kxc6 51. b8=Q Kc5 52. a4 Kd4 53. a5 Ke3 54. a6
Kf2 55. a7 Kf1 56. Qb2 Ke1 57. a8=R Kd1 58. Ra1# 1-0

[Event "AUTO-OPEN-4624"]
[Site "http://www.queenalice.com/game.php?id=1865636"]
[Date "2025.11.15"]
[Round "1"]
[White "mvson33"]
[Black "chessman"]
[Result "0-1"]
[WhiteElo "1836"]
[BlackElo "2106"]

1. d4 d5 2. Nf3 e6 3. e3 Nf6 4. Be2 Be7 5. O-O O-O 6. c4 c6 7. Nc3 Re8 8. cxd5
exd5 9. Bd2 Nbd7 10. Qc2 Nf8 11. Rfd1 Be6 12. Rac1 a6 13. Bd3 Qc7 14. Ne5 c5 15.
Bf5 cxd4 16. exd4 Bxf5 17. Qxf5 Rad8 18. Qf3 Qb6 19. Rb1 Qxd4 20. Nd3 Qc4 21. h3
d4 22. Ne4 Qxa2 23. Nxf6+ Bxf6 24. Nb4 Qc4 25. Qxb7 Rb8 26. Qa7 a5 27. Qxa5 Re5
28. Qa3 Re2 29. Qd3 Rxb4 30. Qxc4 Rxc4 31. b4 Rc8 32. b5 Rc2 33. b6 Rcxd2 34.
Rxd2 Rxd2 35. b7 Be5 0-1

[Event "AUTO-OPEN-4624"]
[Site "http://www.queenalice.com/game.php?id=1865637"]
[Date "2025.11.15"]
[Round "1"]
[White "chessman"]
[Black "mvson33"]
[Result "1-0"]
[WhiteElo "2095"]
[BlackElo "1854"]

1. e4 c5 2. Nf3 Nc6 3. d4 cxd4 4. Nxd4 Qb6 5. Nxc6 dxc6 6. Be2 e5 7. O-O Nf6 8.
Nc3 Qc7 9. Bg5 Be7 10. f3 O-O 11. Qc1 Be6 12. Rd1 Rad8 13. Qe3 Rxd1+ 14. Rxd1
Rd8 15. Rxd8+ Qxd8 16. Qd3 Qxd3 17. Bxd3 Kf8 18. Be3 a6 19. Kf2 Nd7 20. a3 Nf6
21. Ke2 b5 22. h3 Bc8 23. b4 Bb7 24. Nd1 Bd8 25. c4 Be7 26. Nc3 Nh5 27. cxb5
cxb5 28. g4 Nf6 29. g5 Nh5 30. h4 Nf4+ 31. Bxf4 exf4 32. Nd5 Bd6 33. Kd2 Bxd5
34. exd5 Ke7 35. Bxh7 g6 36. h5 gxh5 37. g6 fxg6 38. Bxg6 h4 39. Bf5 Kf6 40. Bc8
1-0

[Event "AUTO-ADV-4904"]
[Site "http://www.queenalice.com/game.php?id=1865738"]
[Date "2025.11.18"]
[Round "1"]
[White "mvson33"]
[Black "WHUSIRO"]
[Result "1/2-1/2"]
[WhiteElo "1831"]
[BlackElo "1885"]

1. c4 e5 2. Nc3 Nf6 3. d3 Bb4 4. Bd2 O-O 5. Nf3 d6 6. g3 Be6 7. Bg2 Nbd7 8. O-O
c6 9. Qa4 Bxc3 10. Bxc3 Qc7 11. Rac1 b6 12. Qc2 a5 13. Nd2 Rac8 14. Nf3 h6 15.
b4 axb4 16. Bxb4 c5 17. Bc3 Ra8 18. Nd2 Rab8 19. Nf3 b5 20. cxb5 Rxb5 21. Rb1
Rfb8 22. Rxb5 Rxb5 23. Rb1 Qb7 24. Rxb5 Qxb5 25. a3 Nd5 26. Bb2 N5b6 27. Qd2 Na4
28. Ba1 f5 29. Qc2 g5 30. Nd2 Nab6 31. Qb2 Qxb2 32. Bxb2 Kf7 33. Kf1 Na4 34. Bc1
Nab6 1/2-1/2

[Event "AUTO-ADV-4904"]
[Site "http://www.queenalice.com/game.php?id=1865739"]
[Date "2025.11.18"]
[Round "1"]
[White "WHUSIRO"]
[Black "mvson33"]
[Result "1-0"]
[WhiteElo "1870"]
[BlackElo "1851"]

1. e4 e5 2. Nf3 Nc6 3. Bb5 d6 4. d4 exd4 5. Nxd4 Bd7 6. O-O Nf6 7. Bg5 Be7 8.
Re1 O-O 9. Nc3 Nxd4 10. Qxd4 Bxb5 11. Nxb5 a6 12. Nc3 Re8 13. f3 b6 14. Rad1 d5
15. e5 Nd7 16. Bxe7 Qxe7 17. Nxd5 Qd8 18. f4 Nc5 19. f5 c6 20. Nc3 Qxd4+ 21.
Rxd4 Rad8 22. Rxd8 Rxd8 23. Rd1 Rxd1+ 24. Nxd1 Kf8 25. Nf2 Ke7 26. Nd3 Nxd3 27.
cxd3 Kd7 28. Kf2 c5 29. Ke3 Kc6 30. Ke4 b5 31. g4 c4 32. dxc4 bxc4 33. Kd4 1-0

[Event "AUTO-ADV-4904"]
[Site "http://www.queenalice.com/game.php?id=1865741"]
[Date "2025.11.18"]
[Round "1"]
[White "Pin"]
[Black "mvson33"]
[Result "1-0"]
[WhiteElo "2006"]
[BlackElo "1833"]

1. d4 d5 2. e3 Nf6 3. c4 e6 4. Nc3 Be7 5. Nf3 O-O 6. Bd3 dxc4 7. Bxc4 b6 8. O-O
Bb7 9. b3 Nbd7 10. Bb2 c5 11. Qe2 cxd4 12. Nxd4 Rc8 13. Rac1 Nc5 14. Rfd1 Qc7
15. Ncb5 Qb8 16. a3 Ba8 17. b4 Qb7 18. f3 a6 19. Nc3 Ncd7 20. Bd3 Nd5 21. e4
N5f6 22. Bxa6 1-0